| 000 | 00531nam a2200205 a 4500 | ||
|---|---|---|---|
| 001 | BRL_628 | ||
| 005 | 20190320210827.0 | ||
| 008 | 110913s1944----gw-#######---#000-0#ger-# | ||
| 041 | _ager | ||
| 044 | _agw | ||
| 050 | 4 |
_aBD581 _b.D33 1944 |
|
| 100 | 1 |
_aDacqué, Edgar _d1878-1945 _924469 |
|
| 245 | 1 | 0 |
_aAus Den Tiefen Der Natur _cEdgar Dacqué. |
| 260 |
_aBudingen _bPfister & Schwab _c[1944] |
||
| 300 |
_a239 p. _c19 cm. |
||
| 500 | _aAu674 | ||
| 650 | 1 | 4 |
_aFilosofía de la naturaleza _924470 |
| 902 | _aGRL | ||
| 942 |
_2lcc _cB |
||
| 999 |
_c9440 _d9440 |
||